<?xml version="1.0" encoding="UTF-8"?>
<marc:record xmlns:marc="http://www.loc.gov/MARC21/slim">
   <marc:leader>00000nam a2200000 a 4500</marc:leader>
   <marc:datafield ind1="1" ind2=" " tag="100">
      <marc:subfield code="a">Lind, Hera</marc:subfield>
      <marc:subfield code="4">aut</marc:subfield>
      <marc:subfield code="e">Verfasser/-in</marc:subfield>
   </marc:datafield>
   <marc:datafield ind1="1" ind2=" " tag="100">
      <marc:subfield code="a">Wolters, Doris</marc:subfield>
   </marc:datafield>
   <marc:datafield ind1="0" ind2="0" tag="245">
      <marc:subfield code="a">Kuckucksnest</marc:subfield>
   </marc:datafield>
   <marc:datafield ind1="0" ind2="0" tag="245">
      <marc:subfield code="c">Hera Lind</marc:subfield>
   </marc:datafield>
   <marc:datafield ind1=" " ind2="1" tag="264">
      <marc:subfield code="a">Freiburg</marc:subfield>
      <marc:subfield code="b">Audiobuch</marc:subfield>
      <marc:subfield code="c">2016</marc:subfield>
   </marc:datafield>
   <marc:datafield ind1="1" ind2=" " tag="520">
      <marc:subfield code="a">Angaben aus der Verlagsmeldung

Kuckucksnest / von Hera Lind

Bei Sabine und ihrer Zwillingsschwester Martina ist alles geregelt für ein Leben mit Kindern. Sie wohnen mit ihren Traummännern in ihren fertig eingerichteten Traumhäusern. Und dann der Schock: Sowohl Sabine als auch Martina sind unfruchtbar. Doch die beiden Frauen geben nicht auf und wollen adoptieren. Viele meterlange Fragebögen später sind die Anträge endlich durch. Zehn Jahre lang flattern beiden Familien nachein ander je fünf Kinder ins Haus, die eins gemeinsam haben. Alle sind sie in Heime abgeschoben worden. Die Zwillingsschwestern lieben sie vorbehaltlos und ermöglichen den Kindern einen guten Start ins Leben.
</marc:subfield>
   </marc:datafield>
   <marc:datafield ind1=" " ind2=" " tag="020">
      <marc:subfield code="a">9783899649420</marc:subfield>
      <marc:subfield code="9">9783899649420</marc:subfield>
   </marc:datafield>
   <marc:datafield ind1=" " ind2=" " tag="020">
      <marc:subfield code="a">3899649427</marc:subfield>
      <marc:subfield code="9">3899649427</marc:subfield>
   </marc:datafield>
   <marc:datafield ind1=" " ind2=" " tag="300">
      <marc:subfield code="a">3 CDs</marc:subfield>
   </marc:datafield>
</marc:record>
